Logo BPK

Biblioteka

Politechniki Koszalińskiej

Innowacyjne rozwiązania w obszarze technologii informatycznych przedsiębiorstw sektora MSP / (Rekord nr 56661)

Szczegóły MARC
000 -ETYKIETA REKORDU
podpole kontrolne o stałej długości 01074nam a2200277 i 4500
001 - NUMER KONTROLNY REKORDU
pole kontrolne bg
020 ## - MIĘDZYNARODOWY ZNORMALIZOWANY NUMER KSIĄŻKI - ISBN
ISBN 9788374811927
040 ## - ŹRÓDŁO KATALOGOWANIA
Instytucja, która utworzyła rekord BPK
041 ## - KOD JĘZYKA
Kod języka tekstu pol
044 ## - KOD KRAJU WYDAWCY/PRODUCENTA
Kod kraju wydawcy/producenta POL
080 ## - UNIWERSALNA KLASYFIKACJA DZIESIĘTNA - UKD
UKD 005.342:004:658.114-022.51:658.114-022.55](438)"2001/..."
920 ## - Międzynarodowy znormalizowany numer książki – ISBN
ISBN 978-83-7481-192-7
008 - POLE O STAŁEJ DŁUGOŚCI - DANE KONTROLNE
podpole kontrolne o stałej długości 090817s2008 pl a f |000 0 pol
100 1# - NAZWA OSOBOWA
Nazwa osobowa Kłos, Sławomir.
245 10 - TYTUŁ/ODPOWIEDZIALNOŚĆ
Tytuł Innowacyjne rozwiązania w obszarze technologii informatycznych przedsiębiorstw sektora MSP /
Pozostałe elementy strefy tytułu i oznaczenia odpowiedzialności Sławomir Kłos, Waldemar Woźniak, Justyna Patalas.
260 ## - STREFA ADRESU WYDAWNICZEGO
Miejsce wydania Zielona Góra :
Nazwa wydawcy/dystrybutora Oficyna Wydawnicza Uniwersytetu Zielonogórskiego,
Data publikacji, dystrybucji/powstania dokumentu 2008.
300 ## - STREFA OPISU FIZYCZNEGO
Objętość 19 s. :
Inne cechy fizyczne wykr. ;
Rozmiary 24 cm.
504 ## - UWAGA DOTYCZĄCA BIBLIOGRAFII
Informacje o bibliografii Bibliogr. s. 18-19.
650 #9 - HASŁO PRZEDMIOTOWE W FORMIE NAZWY OGÓLNEJ LUB JEDNOSTKOWEJ
Nazwa ogólna lub geograficzna Przedsiębiorstwa małe i średnie
Określnik ogólny komputeryzacja
Określnik geograficzny Polska
Określnik chronologiczny od 2001 r.
650 #9 - HASŁO PRZEDMIOTOWE W FORMIE NAZWY OGÓLNEJ LUB JEDNOSTKOWEJ
Nazwa ogólna lub geograficzna Innowacje
Określnik ogólny stosowanie
-- gospodarka
Określnik geograficzny Polska
Określnik chronologiczny od 2001 r.
650 #9 - HASŁO PRZEDMIOTOWE W FORMIE NAZWY OGÓLNEJ LUB JEDNOSTKOWEJ
Nazwa ogólna lub geograficzna Systemy informatyczne zarządzania
Określnik ogólny stosowanie
-- gospodarka
651 #9 - HASŁO PRZEDMIOTOWE W FORMIE NAZWY GEOGRAFICZNEJ
Nazwa geograficzna Lubuskie, województwo
Określnik ogólny gospodarka
Określnik chronologiczny od 2001 r.
700 1# - HASŁO DODATKOWE - NAZWA OSOBOWA
Nazwa osobowa Woźniak, Waldemar.
700 1# - HASŁO DODATKOWE - NAZWA OSOBOWA
Nazwa osobowa Patalas, Sławomir.
856 ## - LOKALIZACJA I DOSTĘP DO ELEKTRONICZNYCH DOKUMENTÓW ZDALNYCH
Link (URL) http://koha.tu.koszalin.pl/cgi-bin/koha/opac-detail.pl?biblionumber=56661
Tekst linku Katalog online BPK
942 ## - DODATKOWE ELEMENTY (KOHA)
Typ dokumentu Książka
Egzemplarze
Wycofany Status egzemplarza Uszkodzony Dostępność Lokalizacja stała Lokalizacja bieżąca Miejsce przechowywania Sygnatura Kod kreskowy Dział Typ dokumentu
      Tylko na miejscu Biblioteka Politechniki Koszalińskiej Biblioteka Politechniki Koszalińskiej Czytelnia Wydziałowa ul. Kwiatkowskiego 6e 91648 02485638 658.114 Przedsiębiorstwa prywatne Książka
© 2023 Biblioteka Politechniki Koszalińskiej :: KOHA